Random Years to Winter Olympic Host Cities - Statistics

General Stats
  • This quiz has been taken 25 times
  • The average score is 10 of 20
Answer Stats
Year Host % Correct
2022 Beijing
100%
2014 Sochi
83%
2010 Vancouver
70%
1956 Cortina d'Ampezzo
67%
1994 Lillehammer
67%
1964 Innsbruck
63%
2006 Turin
63%
1988 Calgary
50%
2002 Salt Lake City
50%
1992 Albertville
45%
1928 St. Moritz
45%
1984 Sarajevo
44%
2026 Milan / Cortina d'Ampezzo
42%
2018 Pyeongchang
42%
1924 Chamonix
40%
1976 Innsbruck
40%
1960 Squaw Valley
30%
1936 Garmisch-Partenkirchen
27%
1980 Lake Placid
27%
1998 Nagano
27%
1952 Oslo
25%
1948 St. Moritz
22%
1932 Lake Placid
18%
1972 Sapporo
14%
1968 Grenoble
0%
No matching quizzes found
Score Distribution
Percent of People with Each Score
Percentile by Number Answered
Your Score History
You have not taken this quiz